01545 a2200301 45000010006000000050017000060080041000230030015000640400040000790800037001192450182001560200022003382640056003603000019004165050417004350410008008521000031008607000028008917000021009197000027009407000026009677000037009937000037010307000026010677000026010937000026011198560098011456241420260407155917.0260407a2024 arg spa dAR-UNSa-BCEJYS aAR-UNSa-BCEJYSbspacAR-UNSa-BCEJYS a336.2:323.17xFederalismo Fiscal10aPropuesta para un nuevo régimen de coparticipación federalpGrado equivalentes de desarrollo y calidad de vida con criterios objetivos de reparto e igualdad de oportunidades a978-987-97527-7-7 1aSalta :bEdiciones Librería del Profesionalc2024 a208 p.c23 cm. a1. Introducción - 2. Pautas determinantes del proyecto de investigación - 3. La Coparticipación Federal de impuestos en Argentina - 4. Convergencia - 5. Desarrollo - 6. Distribución de la Coparticipación con grados equivalentes de desarrollo, calidad de vida e igualdad de oportunidades - 7. Aspectos a contemplar en un nuevo régimen de Coparticipación Federal con criterios objetivos de reparto -  aspa1 aDib Ashur, Roberto Antonio1 aClaros, María Soledad1 aSafar, Elizabeth1 aPorcelo, Jorge Esteban1 aJuri, María Daniela1 aCarrazán Mena, Gastón Javier1 aMamaní Valencia, Víctor Hugo1 aCopa, Lucio Agustín1 aMuñoz, Valeria Rina1 aChalabe, Ana Catalina41uhttp://www.biblioeco.unsa.edu.ar/pmb/images/libros/L129350.jpgyImagen de portadaqimage/jpeg